|
|
|
|
| LEADER |
00000nam0a2200000 4500 |
| 001 |
122116 |
| 005 |
20231101215725.0 |
| 010 |
|
|
|a 5984570475
|
| 035 |
|
|
|a (RuTPU)RU\TPU\book\132239
|
| 090 |
|
|
|a 122116
|
| 100 |
|
|
|a 20070926d2007 k y0rusy50 ca
|
| 101 |
0 |
|
|a rus
|
| 102 |
|
|
|a RU
|
| 105 |
|
|
|a a z 001zy
|
| 200 |
1 |
|
|a Прецизионная обработка металлургических расплавов
|f Д. А. Дюдкин [и др.]
|
| 210 |
|
|
|a Москва
|c Теплотехник
|d 2007
|
| 215 |
|
|
|a 424 с.
|c ил.
|
| 320 |
|
|
|a Список литературы: с. 383-419.
|
| 330 |
|
|
|a В книге изложены теоретические основы и технологии прецизионной обработки металла порошковыми проволоками. Приведены основные термодинамические зависимости и кинетические факторы взаимодействия высокоактивных элементов наполнителя с компонентами металлургических расплавов. На основе математического моделирования исследованы вопросы взаимного влияния процессов движения проволоки под воздействием гидродинамики расплава при продувке, плавления проволоки и массопереноса расплавленного реагента в ковшевой ванне. Рассмотрены технологические и конструктивные параметры процесса обработки расплава с целью десульфурации чугуна и стали, влияния на кинетику раскисления, микроструктуру и границу зерен, микролегирования. Систематизирована теория и практика модифицирования неметаллических включений кальцием для повышения служебных свойств металлопродукции. Предназначена для научных и инженерно-технических работников металлургических и машиностроительных предприятий и научно-исследовательских институтов. Может быть полезна преподавателям и студентам вузов.
|
| 606 |
1 |
|
|a Металлургические расплавы
|2 stltpush
|3 (RuTPU)RU\TPU\subj\73965
|9 86612
|
| 610 |
1 |
|
|a металлургия
|
| 610 |
1 |
|
|a активные металлы
|
| 610 |
1 |
|
|a магний
|
| 610 |
1 |
|
|a кальций
|
| 610 |
1 |
|
|a титан
|
| 610 |
1 |
|
|a бор
|
| 610 |
1 |
|
|a редкоземельные металлы
|
| 610 |
1 |
|
|a физико-химические свойства
|
| 610 |
1 |
|
|a порошковая проволока
|
| 610 |
1 |
|
|a производство
|
| 610 |
1 |
|
|a оборудование
|
| 610 |
1 |
|
|a ковшовые ванны
|
| 610 |
1 |
|
|a движение
|
| 610 |
1 |
|
|a продувка
|
| 610 |
1 |
|
|a инертные газы
|
| 610 |
1 |
|
|a гидродинамика
|
| 610 |
1 |
|
|a математическое моделирование
|
| 610 |
1 |
|
|a кинетика
|
| 610 |
1 |
|
|a сталь
|
| 610 |
1 |
|
|a обработка
|
| 610 |
1 |
|
|a внепечная обработка
|
| 610 |
1 |
|
|a микролегирование
|
| 610 |
1 |
|
|a чугун
|
| 610 |
1 |
|
|a неметаллические включения
|
| 610 |
1 |
|
|a экологические особенности
|
| 610 |
1 |
|
|a технико-экономическая эффективность
|
| 675 |
|
|
|a 669.046
|v 3
|
| 701 |
|
1 |
|a Дюдкин
|b Д. А.
|g Дмитрий Александрович
|
| 701 |
|
1 |
|a Кисиленко
|b В. В.
|g Владимир Васильевич
|
| 701 |
|
1 |
|a Павлюченков
|b И. А.
|g Игорь Александрович
|
| 701 |
|
1 |
|a Болотов
|b В. Ю.
|g Вадим Юрьевич
|
| 801 |
|
1 |
|a RU
|b 63413507
|c 20070926
|g PSBO
|
| 801 |
|
2 |
|a RU
|b 63413507
|c 20150709
|g PSBO
|
| 942 |
|
|
|c BK
|
| 959 |
|
|
|a 66/20070926
|d 1
|e 11000,00
|f ЧЗТЛ:1
|